Terminus de la ligne 7 depuis 1910 - Statistics

General Stats
  • This quiz has been taken 4 times
  • The average score is 6 of 11
Answer Stats
Dates Sens 2ème sens Station % Correct
depuis 1987 Nord La Courneuve - 8 Mai 1945
100%
depuis 1946 Sud Est à partir de 1982 Mairie d'Ivry
100%
1979 - 1987 Nord Fort d'Aubervilliers
67%
1910 - 1979 Nord Ouest à partir de 1911Seul à partir de 1967 Porte de la Villette
67%
1931 - 1946 Sud Porte d'Ivry
67%
depuis 1985 Sud Ouest Villejuif - Louis Aragon
67%
1982 - 1985 Sud Ouest Le Kremlin - Bicêtre
33%
1910 - 1916 Sud Opéra
33%
1916 - 1926 Sud Palais Royal - Musée du Louvre
33%
1926 - 1931 Sud Pont Marie
33%
1911 - 1967 Nord Est Pré-Saint-Gervais
0%
No matching quizzes found
Score Distribution
Percent of People with Each Score
Percentile by Number Answered
Your Score History
You have not taken this quiz